| 000 | 01081cam a2200325Ia 4500 | ||
|---|---|---|---|
| 001 | 9096522 | ||
| 003 | OSt | ||
| 005 | 20180116183025.0 | ||
| 008 | 821021r19531920enk 001 0 eng d | ||
| 029 | 1 |
_aNZ1 _b12093973 |
|
| 035 | _a(OCoLC)ocm08880329 | ||
| 035 | _a(OCoLC)8880329 | ||
| 035 | _a(NNC)9096522 | ||
| 040 |
_aCBS _cCBS _dOCL _dZHM _dWY@ _dOCLCG _dOCLCQ |
||
| 082 | _a182 STA 1962 | ||
| 090 |
_aB171 _b.S8 1953 |
||
| 092 | _a182 | ||
| 100 | 1 |
_aStace, W. T. _q(Walter Terence), _d1886-1967. |
|
| 245 | 1 | 2 |
_aA Critical History of Greek Philosophy _cby W.T. Stace. |
| 260 |
_aLondon : _bMacmillan, _c1953. |
||
| 300 |
_axiv, 386 p. ; _c19 cm. _bHB |
||
| 440 | _aA Critical History of Greek Philosophy | ||
| 500 | _aIncludes indexes. | ||
| 500 | _a"This book contains the substance, and for the most part the words, of a course of public lectures delivered during the first three months of 1919." | ||
| 500 | _aReprint of 1920 edition. | ||
| 650 | 0 |
_aPhilosophy, Ancient _xHistory. |
|
| 942 |
_2ddc _cBK |
||
| 948 | 2 |
_a20111110 _ba _cgarecap6 _dRCP |
|
| 999 |
_c350751 _d350751 |
||